Computational Fluid Dynamics: (Record no. 587642)
[ view plain ]
| 000 -LEADER | |
|---|---|
| fixed length control field | 00395nam a22001337a 4500 |
| 020 ## - INTERNATIONAL STANDARD BOOK NUMBER | |
| International Standard Book Number | 0-07-001685-2 |
| 040 ## - CATALOGING SOURCE | |
| Transcribing agency | Progressive international Agency |
| 082 ## - DEWEY DECIMAL CLASSIFICATION NUMBER | |
| Classification number | 532.05 |
| Author Mark | and |
| 100 ## - MAIN ENTRY--PERSONAL NAME | |
| Personal name | Anderson, John D |
| 9 (RLIN) | 88495 |
| 245 ## - TITLE STATEMENT | |
| Title | Computational Fluid Dynamics: |
| Remainder of title | The basic with applications / |
| Statement of responsibility, etc. | Anderson, John D |
| 260 ## - PUBLICATION, DISTRIBUTION, ETC. | |
| Place of publication, distribution, etc. | New York: |
| Name of publisher, distributor, etc. | McGraw-Hill |
| Date of publication, distribution, etc. | 1995. |
| 300 ## - PHYSICAL DESCRIPTION | |
| Extent | 547 p. : |
| 942 ## - ADDED ENTRY ELEMENTS (KOHA) | |
| Source of classification or shelving scheme | |
| Koha item type | Book |
| Withdrawn status | Lost status | Source of classification or shelving scheme | Damaged status | Not for loan | Permanent Location | Current Location | Shelving location | Date acquired | Total Checkouts | Full call number | Barcode | Date last seen | Date last checked out | Price effective from | Koha item type |
|---|---|---|---|---|---|---|---|---|---|---|---|---|---|---|---|
| School of Interdisciplinary Engineering and Sciences (SINES) | School of Interdisciplinary Engineering and Sciences (SINES) | General Stacks | 01/19/2022 | 1 | 532.05 AND | RCMS00565 | 06/14/2022 | 02/17/2022 | 01/19/2022 | Book |
